000 00905nam a2200229 i 4500
001 172084
003 ES-MaACL
005 20230906214819.0
008 090612s1984 fr |||| | fre d
080 _a782.6
100 1 _aBertati, Giovanni.
_9140669
245 1 3 _aIl Matrimonio segreto : melodramma giocoso in due atti
_b= Le Mariage secret : opéra bouffe en deux actes /
_cmusique de Domenico Cimarosa (1749-1801) ; livret de Giovanni Bertati ; traduction française de Marie-Anne Mollaret.
246 1 1 _aLe Mariage secret
260 _aParis :
_bGérard Billaudot,
_c1984.
300 _a167 p. ;
_c18 cm.
490 1 _aOpéra de Paris. Bilingue
650 4 _aOperetas-
_vLibretos.
_9139352
700 1 _aCimarosa, Domenico.
_9140670
830 0 _aOpéra de Paris. Bilingue
_9189043
852 4 _aES-MaACL
_jE-12709
_9R.190304
_z. - Biblioteca Jacinto Martínez Lacalle
999 _c172084
_d172084